000 00707nam a2200301Ia 4500
005 20260330160902.0
008 008 300114s9999 xx 000 0 eng d
020 _a9781259000072
037 _aEBOOK
040 _aCRL
040 _beng
040 _cCRL
041 _2eng
041 _aeng
084 _qCRL
100 _aRajwade
_9226717
245 0 _aHandbOf Dt Securities
250 _a1
260 _bMcgraw Hill
260 _c2007
365 _aINR
365 _b65100
650 _aAccounting & Finance
856 _uhttps://resolver.vitalsource.com/9781259000072/?brand=mcgrawhillindia.vitalsource.com
942 _cEBOOK
999 _c1844133
_d1844133